| 000 | 00482nam#a2200181#c#4500 | ||
|---|---|---|---|
| 003 | IEF | ||
| 005 | 20180219145648.0 | ||
| 008 | 941031s1973 uuu####fr####| 0||u| |u | ||
| 040 | _aIEF | ||
| 245 | _aThe programme for controlling inflation : the second stage : a draft bill | ||
| 260 |
_aLondon _b H.M.S.O. _c1973 |
||
| 300 |
_aVI, 28 p. _c 24 cm. |
||
| 650 | 4 |
_aREINO UNIDO _948241 |
|
| 650 | 4 |
_aPOLITICA ANTIINFLACIONISTA _948049 |
|
| 942 | _cLIB | ||
| 942 | _z4098 | ||
| 999 |
_c1273 _d1273 |
||